000 00231 a2200097 4500
001 20734
100 _aTrelease, S F
245 _aHow to write scientific and technical papers?
260 _a
_bWillams
_c1958
090 _c15018
_d15018
942 _aNUST-CAE
_cM
_c5579
999 _c255807
_d255807